Los cristianos en la práctica política de la liberación
Guardado en:
| Hovedforfatter: | |
|---|---|
| Institution som forfatter: | |
| Format: | Bog |
| Sprog: | Spanish |
| Udgivet: |
San José, Costa RIca
DEI
1986
|
| Fag: | |
| Tags: |
Tilføj Tag
Ingen Tags, Vær først til at tagge denne postø!
|
MARC
| LEADER | 00000nam a22000007a 4500 | ||
|---|---|---|---|
| 003 | cru CIDCACS/IIS | ||
| 005 | 20220317085026.0 | ||
| 008 | 180911b1986 cr ||||| |||| 00| 0 spa d | ||
| 040 | |c cru CIDCACS/IIS | ||
| 090 | |a REV0750 (8) 1986 | ||
| 100 | 1 | |9 7660 |a Richard, Pablo | |
| 110 | 2 | |9 7636 |a Departamento Ecuménico de Investigaciones (DEI) | |
| 245 | 1 | 4 | |a Los cristianos en la práctica política de la liberación |c Pablo Richard |
| 260 | |a San José, Costa RIca |b DEI |c 1986 | ||
| 300 | |a 1-8 páginas | ||
| 650 | 1 | 0 | |9 2795 |a RELIGION |
| 650 | 1 | 0 | |9 3285 |a TEOLOGIA DE LA LIBERACION |
| 650 | 1 | 0 | |9 3691 |a POLITICA |
| 651 | 1 | 0 | |9 17 |a AMERICA LATINA |
| 773 | 0 | |0 41641 |9 2244 |a Departamento Ecuménico de Investigaciones (DEI) |d San José, Costa Rica Departamento Ecuménico de Investigaciones (DEI) |o 20030 |t Pasos / | |
| 942 | |2 ddc |c PP | ||
| 999 | |c 41669 |d 41669 | ||
